Kinh tế Nhật Bản sau chiến tranh thế giới lần thứ II Luận văn tốt nghiệp Đại học Sư phạm ngành Sử Khóa 13

Saved in:
Bibliographic Details
Main Author: Hồ Thu Sơn
Format: Book
Language:Undetermined
Published: Cần Thơ Trường Đại học Cần Thơ, Khoa Sư phạm, Bộ môn Sử 1991
Subjects:
Tags: Add Tag
No Tags, Be the first to tag this record!
Institutions: Trung tâm Học liệu Trường Đại học Cần Thơ
LEADER 00724nam a2200193Ia 4500
001 CTU_26924
008 210402s9999 xx 000 0 und d
082 |a 952 
082 |b S464/1991 
100 |a Hồ Thu Sơn 
245 0 |a Kinh tế Nhật Bản sau chiến tranh thế giới lần thứ II 
245 0 |b Luận văn tốt nghiệp Đại học Sư phạm ngành Sử Khóa 13 
245 0 |c Hồ Thu Sơn 
260 |a Cần Thơ 
260 |b Trường Đại học Cần Thơ, Khoa Sư phạm, Bộ môn Sử 
260 |c 1991 
650 |a japan - history 
904 |i Nguyễn Quang Điền, 981022 
980 |a Trung tâm Học liệu Trường Đại học Cần Thơ